| 000 | 00610cam a22002291 4500 | ||
|---|---|---|---|
| 001 | med48001162 | ||
| 003 | DLC | ||
| 005 | 20260227111611.0 | ||
| 008 | 810815s1947 xx 000 0 eng | ||
| 010 | _amed48001162 | ||
| 035 | _a(OCoLC)14741285 | ||
| 040 |
_aDLC _cDNLM _dDLC |
||
| 042 | _apremarc | ||
| 050 | 0 | 0 |
_aRX606 _b.P8 1947 |
| 060 | 0 |
_aWB 930 _bP981k 1947 |
|
| 100 | 1 |
_aPulford, Alfred, _d1863- |
|
| 245 | 1 | 0 |
_aKey to the homoeopathic materia medica _c[by A. and D. T.] Pulford. |
| 250 | _a[2d ed. | ||
| 260 |
_aToledo, _c1947] |
||
| 300 | _a277 p. | ||
| 700 | 1 |
_aPulford, D. T. _q(Dayton Turner) |
|
| 999 |
_c38993 _d38993 |
||